| 000 | 01417nam a2200373Ia 4500 | ||
|---|---|---|---|
| 001 | ebr10056183 | ||
| 003 | CaPaEBR | ||
| 006 | m u | ||
| 007 | cr cn||||||||| | ||
| 008 | 971119s1998 nyu sb 001 0 eng d | ||
| 010 | _z 97043912 | ||
| 020 | _z0203074009 | ||
| 020 | _z0415182670 (alk. paper) | ||
| 040 |
_aCaPaEBR _cCaPaEBR |
||
| 035 | _a(OCoLC)560588256 | ||
| 050 | 1 | 4 |
_aHF3838.E8 _bS77 1998eb |
| 082 | 0 | 4 |
_a382/.095104 _221 |
| 100 | 1 | _aStrange, Roger. | |
| 245 | 1 | 0 |
_aTrade and investment in China _h[electronic resource] : _bthe European experience / _cRoger Strange, Jim Slater, and Limin Wang. |
| 260 |
_aNew York : _bRoutledge, _c1998. |
||
| 300 | _axviii, 315 p. | ||
| 490 | 1 | _aGrowth economies of Asia | |
| 504 | _aIncludes bibliographical references and index. | ||
| 533 |
_aElectronic reproduction. _bPalo Alto, Calif. : _cebrary, _d2009. _nAvailable via World Wide Web. _nAccess may be limited to ebrary affiliated libraries. |
||
| 650 | 0 |
_aInvestments, European _zChina. |
|
| 651 | 0 |
_aChina _xCommerce _zEurope. |
|
| 651 | 0 |
_aEurope _xCommerce _zChina. |
|
| 655 | 7 |
_aElectronic books. _2local |
|
| 700 | 1 |
_aSlater, Jim, _d1947- |
|
| 700 | 1 |
_aWang, Limin, _d1963- |
|
| 710 | 2 | _aebrary, Inc. | |
| 830 | 0 | _aGrowth economies of Asia series. | |
| 856 | 4 | 0 |
_uhttp://site.ebrary.com/lib/rucke/Doc?id=10056183 _zAn electronic book accessible through the World Wide Web; click to view |
| 999 |
_c72513 _d72513 |
||